Ελληνική εθνική βιβλιογραφία 1994 = Greek National Bibliography 1994
Αποθηκεύτηκε σε:
| Συγγραφή απο Οργανισμό/Αρχή: | |
|---|---|
| Μορφή: | Βιβλίο |
| Γλώσσα: | English |
| Δημοσίευση: |
Αθήνα :
Εθνικό Κέντρο Βιβλίου,
1998.
|
| Θέματα: | |
| Ετικέτες: |
Προσθήκη ετικέτας
Δεν υπάρχουν, Καταχωρήστε ετικέτα πρώτοι!
|
MARC
| LEADER | 00000cam a2200000 i 4500 | ||
|---|---|---|---|
| 001 | 1/99469 | ||
| 008 | 000218s1998 gr | ||| |||| ||eng|| | ||
| 020 | |a 9607060121 | ||
| 035 | |l 10056895 | ||
| 040 | |a GR-MyUA |b gre |e AACR2 | ||
| 041 | 0 | |a eng | |
| 082 | 0 | |a 011 | |
| 110 | 2 | |a Εθνική Βιβλιοθήκη της Ελλάδος |b Τμήμα Καταλόγων |b Γραφείο Εθνικής Βιβλιογραφίας. | |
| 245 | 1 | 0 | |a Ελληνική εθνική βιβλιογραφία 1994 = Greek National Bibliography 1994 / |c Εθνική Βιβλιοθήκη της Ελλάδος. Τμήμα καταλόγων. Γραφείο Εθνικής Βιβλιογραφίας ; National Library of Greece. Cataloguing department. National Bibliography Office. |
| 260 | |a Αθήνα : |b Εθνικό Κέντρο Βιβλίου, |c 1998. | ||
| 300 | |a 1087 σ. ; |c 24 εκ. | ||
| 504 | |a Περιέχει ευρετήρια. | ||
| 651 | 0 | |a Greece |x Imprints. | |
| 852 | |a INST |b SAMOS |e 20000218 |h 011 ΕΘΝ |p 005300015869 |q 005300015869 |t REF |y 23 | ||
| 901 | |a BIBL3-2000-1 | ||
| 909 | |a Σ |b 071831 | ||
| 922 | |a 3ΕΛΗ |b 199912 |c ΒΙΒΛΙΟΘΗΚΗ |d ΠΑΠΑΣΩΤΗΡΙΟΥ | ||
| 950 | |a 127-1999-11-23 | ||
| 970 | |a ΓΕΝΟΥΖΟΥ |b ΧΡΥΣΑΝΘΗ |z 2000/02/18 | ||